Zmeny rozpočtu a rozpočtové opatrenia

Od 1. 1. 2014 nadobudol účinnosť zákon č. 426/2013 Z. z., ktorým sa novelizuje zákon č. 583/2004 Z. z. o rozpočtových pravidlách územnej samosprávy v z. n. p. . Ostatná novela významným spôsobom ovplyvňuje chod územnej samosprávy.

Salvato in:
Dettagli Bibliografici
Autore principale: Petrášová, Tatiana
Natura: Capitolo di libro
Lingua:slovacco
Soggetti:
Tags: Aggiungi Tag
Nessun Tag, puoi essere il primo ad aggiungerne!!

MARC

LEADER 00000naa a2200000 4500
001 0192101
005 20231204111807.1
041 0 |a slo 
044 |a SK 
245 1 0 |a Zmeny rozpočtu a rozpočtové opatrenia  |c Tatiana Petrášová 
520 |a Od 1. 1. 2014 nadobudol účinnosť zákon č. 426/2013 Z. z., ktorým sa novelizuje zákon č. 583/2004 Z. z. o rozpočtových pravidlách územnej samosprávy v z. n. p. . Ostatná novela významným spôsobom ovplyvňuje chod územnej samosprávy. 
610 2 0 |a rozpočet miestny 
610 2 0 |a pravidlá rozpočtové 
610 2 0 |a zákony 
610 2 0 |a samospráva 
610 2 0 |a Slovensko 
100 1 |a Petrášová, Tatiana